| 000 | 00628nam a2200241Ia 4500 | ||
|---|---|---|---|
| 003 | OSt | ||
| 005 | 20220918201623.0 | ||
| 006 | a|||||r|||| 00| 0 | ||
| 007 | ta | ||
| 008 | 220917b |||||||| |||| 00| 0 eng d | ||
| 024 | _a95,263 | ||
| 037 | _cTextual | ||
| 040 |
_aARTS _cARTS _beng |
||
| 041 |
_2eng _aeng |
||
| 082 | _aV2:1:N3t, G3 | ||
| 110 |
_aIndian Round Table Conferenece _999867 |
||
| 245 | 0 |
_aIndian Round Table Conferenece _b Report |
|
| 260 | _c1933 | ||
| 650 | _aHISTORY | ||
| 700 |
_aIndian Round Table Conferenece _999868 |
||
| 942 |
_hV2:1:N3t, G3 _cTEXL _2CC |
||
| 999 |
_c218886 _d218886 |
||